000 00556nam a2200205Ia 4500
001 1854
003 GE_BSU
008 181216s||||||||xx |||||||||||||| ||und||
020 _a5469000826
040 _cGE_BSU
080 _a351(075.8)
100 _aЛобанов,В.В.
245 _aГосударственное управление и общественная политика. Учубное пособие
260 _aМосква
260 _bПитер
260 _c2004
300 _a448 с. 20 см.
541 _h15 л.
942 _cBK
999 _c35955
_d35955